Úloha komunistickej propagandy vo vytváraní obrazu emigranta ako triedneho nepriateľa

Analýza jazyka komunistickej propagandy vo vzťahu k emigrantom z komunistického Československa na základe dobových novín. Emigrant v slovníku komunistickej propagandy, emigrant ako triedny nepriateľ.

Saved in:
Bibliographic Details
Main Author: Štefančík, Radoslav, 1976-
Format: Book Chapter
Language:Slovak
Subjects:
Tags: Add Tag
No Tags, Be the first to tag this record!

MARC

LEADER 00000naa$a2200000$$$4500
001 0248309
005 20240502073955.1
041 0 |a slo 
044 |a SK 
245 1 0 |a Úloha komunistickej propagandy vo vytváraní obrazu emigranta ako triedneho nepriateľa  |c Radoslav Štefančík 
520 |a Analýza jazyka komunistickej propagandy vo vzťahu k emigrantom z komunistického Československa na základe dobových novín. Emigrant v slovníku komunistickej propagandy, emigrant ako triedny nepriateľ. 
610 2 0 |a Československo 
610 2 0 |a jazykoveda 
610 2 0 |a jazyk štátny 
610 2 0 |a čeština 
610 2 0 |a slovenčina 
610 2 0 |a komunikácia 
610 2 0 |a migrácia 
610 2 0 |a emigrácia 
610 2 0 |a noviny 
610 2 0 |a socializmus 
610 2 0 |a história 
610 2 0 |a politológia 
610 2 0 |a politika 
610 2 0 |a ideológia 
610 2 0 |a propaganda 
100 1 |a Štefančík, Radoslav, 1976-